Step-Parenting Leaders Guide (Record no. 17302)

000 -LEADER
fixed length control field 00645nam a2200205 a 4500
001 - CONTROL NUMBER
control field :::00021178$&:&@@
003 - CONTROL NUMBER IDENTIFIER
control field OkBaRHE
005 - DATE AND TIME OF LATEST TRANSACTION
control field 20071103141620.0
008 - FIXED-LENGTH DATA ELEMENTS--GENERAL INFORMATION
fixed length control field s2000 j 000 0 eng u
020 ## - INTERNATIONAL STANDARD BOOK NUMBER
International Standard Book Number 0882432303
040 ## - CATALOGING SOURCE
Transcribing agency
100 1# - MAIN ENTRY--PERSONAL NAME
Personal name Davis, Billie
245 10 - TITLE STATEMENT
Title Step-Parenting Leaders Guide
260 ## - PUBLICATION, DISTRIBUTION, ETC. (IMPRINT)
Place of publication, distribution, etc Springfield,MO
Name of publisher, distributor, etc Gospel Publishing House
Date of publication, distribution, etc 2000
300 ## - PHYSICAL DESCRIPTION
Extent 128p ;
Dimensions 24 cm
490 0# - SERIES STATEMENT
Series statement Spiritual Discovery Series
650 ## - SUBJECT ADDED ENTRY--TOPICAL TERM
Topical term or geographic name as entry element Parenting-Biblical teaching,Step Families-Study and teaching
942 ## - ADDED ENTRY ELEMENTS (KOHA)
Source of classification or shelving scheme
Koha item type Books
Copies
Permanent Location Shelving location Koha item type Not for loan Date last seen Price effective from Damaged status Barcode Lost status Date acquired Copy number Source of classification or shelving scheme Full call number Withdrawn status
RHEMA Bible Training CollegeGeneral StacksBooks 2010-04-142010-04-14 21178 2010-04-141 HQ 769 .D3